<?xml version="1.0" encoding="UTF-8"?>
<record
    xmlns:xsi="http://www.w3.org/2001/XMLSchema-instance"
    xsi:schemaLocation="http://www.loc.gov/MARC21/slim http://www.loc.gov/standards/marcxml/schema/MARC21slim.xsd"
    xmlns="http://www.loc.gov/MARC21/slim">

  <leader>01685nam a22002417a 4500</leader>
  <controlfield tag="005">20250408100011.0</controlfield>
  <controlfield tag="008">240726b           ||||| |||| 00| 0 eng d</controlfield>
  <datafield tag="040" ind1=" " ind2=" ">
    <subfield code="c">AL</subfield>
  </datafield>
  <datafield tag="041" ind1=" " ind2=" ">
    <subfield code="a">Konkani</subfield>
  </datafield>
  <datafield tag="082" ind1=" " ind2=" ">
    <subfield code="2">23</subfield>
    <subfield code="b">SEQS</subfield>
    <subfield code="a">891.468</subfield>
  </datafield>
  <datafield tag="100" ind1=" " ind2=" ">
    <subfield code="a">Valerian Sequeira Bola </subfield>
    <subfield code="9">207857</subfield>
  </datafield>
  <datafield tag="100" ind1=" " ind2=" ">
    <subfield code="b">&#xCB5;&#xCB2;&#xCC7;&#xCB0;&#xCBF;&#xCAF;&#xCA8;&#xCCD; &#xCB8;&#xCBF;&#xC95;&#xCCD;&#xC9F;&#xCC7;&#xCB0;&#xCBE;  &#xCAC;&#xCCB;&#xCB3; </subfield>
    <subfield code="9">207858</subfield>
  </datafield>
  <datafield tag="245" ind1=" " ind2=" ">
    <subfield code="a">Shetam Bhatam Totamni</subfield>
    <subfield code="b">&#xCB6;&#xCC6;&#xCA4;&#xCBE;&#xC82; &#xCAD;&#xCBE;&#xC9F;&#xCBE;&#xC82; &#xCA4;&#xCCA;&#xC9F;&#xCBE;&#xC82;&#xCA8;&#xCBF; </subfield>
  </datafield>
  <datafield tag="260" ind1=" " ind2=" ">
    <subfield code="a">Mangaluru</subfield>
    <subfield code="b">Prithvi Prakashan</subfield>
    <subfield code="c">2024</subfield>
  </datafield>
  <datafield tag="300" ind1=" " ind2=" ">
    <subfield code="a">237 p.</subfield>
    <subfield code="b">PB</subfield>
    <subfield code="c">21x14 cm.</subfield>
  </datafield>
  <datafield tag="365" ind1=" " ind2=" ">
    <subfield code="b">&#x20B9;200.00</subfield>
    <subfield code="c">&#x20B9;</subfield>
    <subfield code="d">&#x20B9;250.00</subfield>
    <subfield code="e">20%</subfield>
    <subfield code="f">19-07-2024</subfield>
  </datafield>
  <datafield tag="520" ind1=" " ind2=" ">
    <subfield code="a">&#x2022; &#xCAE;&#xCCD;&#xCB9;&#xCBE;&#xCB2;&#xCCD;&#xC97;&#xCA1;&#xCCD;&#xCAF;&#xCBE;&#xC82;&#xC9A;&#xCBF; &#xC9C;&#xCBF;&#xCA3;&#xCCD;&#xCAF;&#xCC7;&#xCB0;&#xCC0;&#xCA4;&#xCCD;, &#xC95;&#xCC3;&#xCB7;&#xCBF;, &#xCB8;&#xC82;&#xCB8;&#xCCD;&#xC95;&#xCC3;&#xCA4;&#xCBF;, &#xC96;&#xCC6;&#xCB3;&#xCCD; &#xC89;&#xC97;&#xCCD;&#xCA1;&#xCBE;&#xCB8;&#xCBE;&#xC95;&#xCCD;  &#xCB9;&#xCBE;&#xCA1;&#xCCD;&#xC9A;&#xCCD;&#xCAF;&#xCBE; &#xCB5;&#xCBF;&#xC82;&#xC9A;&#xCCD;&#xC9B;&#xCBE;&#xCB0;&#xCCD; 50 &#xCB2;&#xCC7;&#xC96;&#xCA8;&#xCBE;&#xC82;&#xC9A;&#xCCA; &#xCAA;&#xCC1;&#xC82;&#xC9C;&#xCCA;.

&#x2022; &#xCB8;&#xCBE;&#xC82;&#xCAA;&#xCCD;&#xCB0;&#xCA6;&#xCBE;&#xCAF;&#xCBF;&#xC95;&#xCCD; &#xC95;&#xCC3;&#xCB7;&#xCC6;&#xCE6;&#xCA4;&#xCCD;&#xCB2;&#xCBF; &#xC86;&#xCB3;&#xCCD;&#xCB5;&#xCCA;&#xCA8;&#xCCD;  &#xCB5;&#xCC6;&#xC9A;&#xCBF; &#xCAE;&#xCBE;&#xCB9;&#xCC6;&#xCA4;&#xCCD;.

&#x2022; &#xCAA;&#xCB0;&#xCBF;&#xCB8;&#xCB0;&#xCBE;&#xC9A;&#xCCA; &#xCAE;&#xCCB;&#xC97;&#xCCD; &#xCB5;&#xCCD;&#xCAF;&#xC95;&#xCCD;&#xCA4;&#xCCD;  &#xC95;&#xCB0;&#xCCD;&#xC9A;&#xCBF;&#xCE6;  &#xCB2;&#xCC7;&#xC96;&#xCA8;&#xCBE;&#xC82;.

&#x2022; 240 &#xCAA;&#xCBE;&#xCA8;&#xCBE;&#xC82;&#xCA8;&#xCBF; &#xCB5;&#xCBF;&#xCB8;&#xCCD;&#xCA4;&#xCBE;&#xCB0;&#xCCD;&#xCB2;&#xCC6;&#xC82; &#xCB5;&#xCBE;&#xC9A;&#xCCD;&#xC9B;&#xCBE;&#xC82;&#xC95;&#xCCD; &#xCA8;&#xCBE;&#xCA1;&#xCBE;&#xC82;&#xCA4;&#xCCD;&#xCB2;&#xCCA;  &#xC86;&#xCAA;&#xCC1;&#xCB0;&#xCCD;&#xCAC;&#xCBE;&#xCAF;&#xCC6;&#xC9A;&#xCCA; &#xC85;&#xCA8;&#xCCD;&#xCAB;&#xCCB;&#xC97;&#xCCD; &#xCA6;&#xCBF;&#xCB5;&#xCCD;&#xC9A;&#xCC6;&#xC82; &#xCB8;&#xCBE;&#xCB9;&#xCBF;&#xCA4;&#xCCD;&#xCAF;&#xCCD; </subfield>
  </datafield>
  <datafield tag="650" ind1=" " ind2=" ">
    <subfield code="a">&#xCB8;&#xCBE;&#xC82;&#xCAA;&#xCCD;&#xCB0;&#xCA6;&#xCBE;&#xCAF;&#xCBF;&#xC95;&#xCCD; &#xC95;&#xCC3;&#xCB7;&#xCBF; &#xC86;&#xCA8;&#xCBF; &#xCAA;&#xCB0;&#xCBF;&#xCB8;&#xCB0;&#xCCD; &#xCB8;&#xC82;&#xCB6;&#xCCB;&#xCA7;&#xCBF;&#xCA4; &#xCB2;&#xCC7;&#xC96;&#xCA8;&#xCBE;&#xC82; </subfield>
    <subfield code="9">174196</subfield>
  </datafield>
  <datafield tag="650" ind1=" " ind2=" ">
    <subfield code="a">A Collection of Konkani Articles on Traditional Agriculture and Environment</subfield>
    <subfield code="9">174197</subfield>
  </datafield>
  <datafield tag="700" ind1=" " ind2=" ">
    <subfield code="a">VALLI BOLA</subfield>
    <subfield code="9">174198</subfield>
  </datafield>
  <datafield tag="700" ind1=" " ind2=" ">
    <subfield code="a">&#xCB5;&#xCB2;&#xCCD;&#xCB2;&#xCBF; &#xCAC;&#xCCB;&#xCB3;</subfield>
    <subfield code="9">174240</subfield>
  </datafield>
  <datafield tag="942" ind1=" " ind2=" ">
    <subfield code="2">ddc</subfield>
    <subfield code="c">BK</subfield>
  </datafield>
  <datafield tag="999" ind1=" " ind2=" ">
    <subfield code="c">231522</subfield>
    <subfield code="d">231522</subfield>
  </datafield>
  <datafield tag="952" ind1=" " ind2=" ">
    <subfield code="0">0</subfield>
    <subfield code="1">0</subfield>
    <subfield code="2">ddc</subfield>
    <subfield code="4">0</subfield>
    <subfield code="7">0</subfield>
    <subfield code="8">KON</subfield>
    <subfield code="a">AL</subfield>
    <subfield code="b">AL</subfield>
    <subfield code="d">2024-07-26</subfield>
    <subfield code="e">Prithvi Prakashan Mangalore</subfield>
    <subfield code="g">200.00</subfield>
    <subfield code="l">0</subfield>
    <subfield code="o">891.468 SEQS</subfield>
    <subfield code="p">077270</subfield>
    <subfield code="r">2024-07-26 00:00:00</subfield>
    <subfield code="v">250.00</subfield>
    <subfield code="w">2024-07-26</subfield>
    <subfield code="y">BK</subfield>
  </datafield>
  <datafield tag="952" ind1=" " ind2=" ">
    <subfield code="0">0</subfield>
    <subfield code="1">0</subfield>
    <subfield code="2">ddc</subfield>
    <subfield code="4">0</subfield>
    <subfield code="7">0</subfield>
    <subfield code="8">KON</subfield>
    <subfield code="a">AL</subfield>
    <subfield code="b">AL</subfield>
    <subfield code="c">SSS</subfield>
    <subfield code="d">2024-07-26</subfield>
    <subfield code="e">Prithvi Prakashan Mangalore</subfield>
    <subfield code="g">200.00</subfield>
    <subfield code="l">0</subfield>
    <subfield code="o">891.468 SEQS</subfield>
    <subfield code="p">077271</subfield>
    <subfield code="r">2024-07-26 00:00:00</subfield>
    <subfield code="v">250.00</subfield>
    <subfield code="w">2024-07-26</subfield>
    <subfield code="y">BK</subfield>
  </datafield>
</record>
